000
00354nam a2200181Ia 4500
100
_a
Deitel/Paul/ Deitel/H
650
_a
Java
250
_a
8
942
_c
BK
366
_f
25
654
_a
java
245
_a
Java:How to program
260
_b
prentice hall
_c
2010
082
_a
5.133
_b
DEI
300
_a
1506
546
_a
ENGLISH
999
_c
19563
_d
19563